| 000 | 00804nam a22002177a 4500 | ||
|---|---|---|---|
| 999 |
_c14561 _d14561 |
||
| 003 | AR-CdUCM | ||
| 008 | 190423b ||||| |||| 00| 0 spa d | ||
| 040 |
_aMUNICIPALIDAD PROVINCIAL DEL CUSCO _cBIBLIOTECA MUNICIPAL DEL CUSCO |
||
| 082 |
_22ed. _aPI / 378 / _bT76 |
||
| 100 |
_aTovar, Teresa _94251 |
||
| 245 | _aUna ley para justina, el mañana empieza hoy / | ||
| 260 |
_aPerú : _bIsabel Flores, _c2004. |
||
| 300 |
_a35 páginas ; _bIlustraciones, _c21 cm. |
||
| 505 | _aContenido: Ley de fomento de la educación de las niñas y adolescentes rurales N° 27558. | ||
| 650 |
_aLey de educación _933380 |
||
| 650 |
_aEducación infantil _912296 |
||
| 650 |
_aDerecho educativo _933381 |
||
| 710 |
_aRed nacional de educación de la niña _933382 |
||
| 942 |
_2ddc _cLIBROS |
||
| 945 |
_aacv _d2019-04-23 |
||